| 000 | 01058nam a2200277Ia 4500 | ||
|---|---|---|---|
| 003 | OSt | ||
| 005 | 20221005110600.0 | ||
| 006 | a|||||r|||| 00| 0 | ||
| 007 | ta | ||
| 008 | 221004b |||||||| |||| 00| 0 hin d | ||
| 020 |
_a9788126317349 (hbk) _cIndian Rupees 600 |
||
| 024 | _a44132 | ||
| 037 |
_bGift, 06/06/2019, _cTextual |
||
| 040 |
_aCRL _cCRL _bhin |
||
| 041 |
_2hin _ahin |
||
| 082 | _aO44(Y5927):g(Y), 152Q8 | ||
| 100 | _aठाकुर, हरिनारायण, ले. | ||
| 245 | 0 | _aदलित साहित्य का समाजशास्त्र | |
| 246 | _aDalit sāhitya kā samājashāstra | ||
| 260 |
_aनई दिल्ली _bभारतीय ज्ञानपीठ भारत _c2018 |
||
| 300 |
_a554पृ0 _ccm. |
||
| 650 | _a दलित साहित्य | ||
| 650 | _aहिन्दी साहित्य | ||
| 942 |
_hO44(Y5927):g(Y), 152Q8 _cTEXL _2cc |
||
| 999 |
_c1019276 _d1019276 |
||